Normal view
MARC view
Entry Geographic Name
001 - CONTROL NUMBER
- control field: 5342
003 - CONTROL NUMBER IDENTIFIER
- control field: ARRUPE
005 - DATE AND TIME OF LATEST TRANSACTION
- control field: 20131209121615.0
008 - FIXED-LENGTH DATA ELEMENTS
- fixed length control field: 131209|| aca||aabn | a|a d
040 ## - CATALOGING SOURCE
- Original cataloging agency: ARRUPE
- Transcribing agency: ARRUPE
151 ## - HEADING--GEOGRAPHIC NAME
- Geographic name: Africa
- General subdivision: Descr. & trav.
- General subdivision: Aerial.
670 ## - SOURCE DATA FOUND
- Source citation: Work cat.: (ARRUPE)0: Smith, Anthony, 1926- 5340, Throw out two hands., [1963]